| 000 | 005790000a22001810004500 | ||
|---|---|---|---|
| 003 | MACL | ||
| 005 | 20160518132341.0 | ||
| 008 | 160518b xxu||||| |||| 00| 0 eng d | ||
| 040 |
_aMACL _cMACL |
||
| 041 | _aHindi | ||
| 082 | _a891.433 | ||
| 100 |
_aडॉ शिवहरे, राजलक्ष्मी _957523 |
||
| 245 |
_aमणिदीप _cडॉ राजलक्ष्मी शिवहरे |
||
| 260 |
_bपाथेय प्रकाशन _c2010 _aजबलपुर |
||
| 350 | _a250 | ||
| 650 |
_aPoem _927793 |
||
| 942 |
_cHIN _k891.431/SHI _2ddc |
||
| 999 |
_c44932 _d44932 |
||